[Event "Gothenburg Elo"]
[Site "Gothenburg"]
[Date "2008.08.09"]
[Round "8"]
[White "Liden, Tommy"]
[Black "Holmgren, Bjorn"]
[Result "0-1"]
[WhiteElo "1950"]
[BlackElo "1924"]
[PlyCount "161"]
[EventDate "2008.08.02"]
[EventType "tourn"]
[EventRounds "9"]
[EventCountry "SWE"]
[SourceTitle "CBM 125 Extra"]
[Source "ChessBase"]
[SourceDate "2008.09.01"]
[SourceVersion "1"]
[SourceVersionDate "2008.09.01"]
[SourceQuality "1"]

1. e4 c5 2. Nf3 Nc6 3. Bb5 g6 4. d3 Bg7 5. Bxc6 dxc6 6. h3 Nf6 7. 0-0 0-0 8. Nc3 b6 9. Be3 Ne8 10. Qd2 e5 11. Bh6 Qd6 12. Bxg7 Nxg7 13. Nh2 Ne6 14. Ng4 Nf4 15. Ne2 Bxg4 16. hxg4 c4 17. g3 Nxe2+ 18. Qxe2 cxd3 19. cxd3 Rad8 20. Rfd1 Qe6 21. Kg2 f6 22. f4 Rd4 23. f5 Qd7 24. Rac1 Rd8 25. Rc3 c5 26. b3 Qd6 27. Qe3 g5 28. Kf2 Qc6 29. Qc1 Qb5 30. Ke3 Qd7 31. Qc2 Qf7 32. Rh1 R8d7 33. a3 Qe7 34. Rc4 Rxd3+ 35. Qxd3 Rxd3+ 36. Kxd3 b5 37. Rc3 Qd6+ 38. Ke2 Qd4 39. Re3 Qb2+ 40. Kf3 Qd2 41. Rhe1 c4 42. R1e2 Qd1 43. bxc4 bxc4 44. Kf2 Kf8 45. Rb2 c3 46. Rb8+ Ke7 47. Rc8 Qd2+ 48. Kf3 c2 49. Rec3 Qd1+ 50. Kf2 Qd4+ 51. Kf3 c1Q 52. Rxc1 Qd3+ 53. Kf2 Qxe4 54. R1c7+ Kd6 55. Rc4 Qb7 56. Rd8+ Ke7 57. Rd2 Qb6+ 58. Ke2 Qa6 59. Rdc2 Kd6 60. Rd2+ Ke7 61. Rdc2 Qxa3 62. Rc7+ Kd6 63. R7c6+ Kd5 64. Rxf6 Qxg3 65. Rf8 Qxg4+ 66. Kf2 Qd4+ 67. Ke2 Qg4+ 68. Kf2 e4 69. Rd8+ Ke5 70. Rc5+ Kf4 71. Rdd5 e3+ 72. Ke1 Qg1+ 73. Ke2 Qf2+ 74. Kd3 e2 75. f6 Qe3+ 76. Kc4 e1Q 77. Rf5+ Kg4 78. f7 Q1c3+ 79. Kb5 Qb3+ 80. Kc6 Qb6+ 81. Kd7 0-1

[Event "Gothenburg Elo"]
[Site "Gothenburg"]
[Date "2008.08.07"]
[Round "6"]
[White "Eriksson, Linus"]
[Black "Holmgren, Bjorn"]
[Result "0-1"]
[WhiteElo "1902"]
[BlackElo "1924"]
[PlyCount "58"]
[EventDate "2008.08.02"]
[EventType "tourn"]
[EventRounds "9"]
[EventCountry "SWE"]
[SourceTitle "CBM 125 Extra"]
[Source "ChessBase"]
[SourceDate "2008.09.01"]
[SourceVersion "1"]
[SourceVersionDate "2008.09.01"]
[SourceQuality "1"]

1. d4 Nf6 2. Nf3 c5 3. e3 cxd4 4. exd4 g6 5. Bd3 Bg7 6. 0-0 0-0 7. c3 d6 8. Re1 Nc6 9. Nbd2 a6 10. Qe2 Re8 11. Ne4 Nxe4 12. Bxe4 e5 13. Bxc6 bxc6 14. dxe5 dxe5 15. Ng5 h6 16. Ne4 f5 17. Nc5 Qh4 18. Qf3 Qf6 19. Be3 f4 20. Bxf4 Bf5 21. Be3 Rab8 22. Re2 a5 23. Rd1 e4 24. Qf4 Qf7 25. a3 g5 26. Qg3 Qh5 27. Rde1 Be5 28. f4 exf3 29. Qxf3 Bg4 0-1